Sports - by picture - Statistics

General Stats
  • This quiz has been taken 40 times
  • The average score is 23 of 28
Answer Stats
Picture Answer % Correct
Tennis
100%
Basketball
97%
Ice hockey
97%
Baseball
93%
Bowling
93%
Boxing
93%
Cricket
93%
Football
93%
Golf
93%
Swimming
93%
Table tennis
93%
Volleyball
93%
Badminton
90%
Chess
90%
Lacrosse
90%
Skiing
90%
Rugby
87%
Snowboarding
83%
Ice skating
80%
Sailing
80%
Karate
77%
Cycling
70%
Running
70%
Curling
63%
Horse riding
63%
Rowing
57%
Snooker
53%
Windsurfing
37%
No matching quizzes found
Score Distribution
Percent of People with Each Score
Percentile by Number Answered
Your Score History
You have not taken this quiz